000 00538nam a22002177a 4500
003 UA-OsUOA
001 47828
007 ta
008 20070821b un ||||| |||| 00| 0 ukr d
090 _a7
_bГ12
942 _cBK
040 _aUA-OsUOA
_brus
_cUA-OsUOA
_dUA-OsUOA
245 _aГавдзинский Альбин Станиславович
_bАльбом
300 _a127 с.
955 _a2
041 _arus
080 _a7
260 _aМ.
650 7 _a7 Мистецтво. Ігри. Спорт.
_2UDC
999 _c333933
_d333933